000
00484nam a2200145Ia 4500
008
100122s9999 xx 000 0 und d
082
_b
36874
_a
928
100
_a
बेडेकर विश्रांम
245
_a
एक झाड दोन पक्षी
260
_b
पॉप्युलर प्रकाशन
_c
1905
300
_a
315
630
_a
एक झाड दोन पक्षी
730
_a
एक झाड दोन पक्षी
942
_c
BOOK
999
_c
419474
_d
419471